Mastering Materialism: (Record no. 6344)
[ view plain ]
| 000 -LEADER | |
|---|---|
| fixed length control field | 00512nam a22001697a 4500 |
| 003 - CONTROL NUMBER IDENTIFIER | |
| control field | GBCCL |
| 005 - DATE AND TIME OF LATEST TRANSACTION | |
| control field | 20241126110601.0 |
| 008 - FIXED-LENGTH DATA ELEMENTS--GENERAL INFORMATION | |
| fixed length control field | 180510b ||||| |||| 00| 0 eng d |
| 040 ## - CATALOGING SOURCE | |
| Transcribing agency | gbc |
| 082 ## - DEWEY DECIMAL CLASSIFICATION NUMBER | |
| Classification number | 226.2007 |
| Item number | MAC |
| 100 ## - MAIN ENTRY--PERSONAL NAME | |
| Personal name | MacArthur, John |
| 9 (RLIN) | 8028 |
| 245 ## - TITLE STATEMENT | |
| Title | Mastering Materialism: |
| Remainder of title | Study notes Matthew 6: 19-34 / |
| Statement of responsibility, etc. | John MacArthur |
| 260 ## - PUBLICATION, DISTRIBUTION, ETC. | |
| Place of publication, distribution, etc. | Panorama City: |
| Name of publisher, distributor, etc. | Word of Grace Communications, |
| Date of publication, distribution, etc. | 1983 |
| 300 ## - PHYSICAL DESCRIPTION | |
| Extent | 89 p.; |
| Dimensions | 22 cm. |
| 650 ## - SUBJECT ADDED ENTRY--TOPICAL TERM | |
| Topical term or geographic name entry element | Bible |
| Form subdivision | Matthew |
| General subdivision | Study and teaching |
| 9 (RLIN) | 11367 |
| 942 ## - ADDED ENTRY ELEMENTS (KOHA) | |
| Source of classification or shelving scheme | Dewey Decimal Classification |
| Koha item type | Books |
| Koha issues (borrowed), all copies | 1 |
| Withdrawn status | Lost status | Source of classification or shelving scheme | Damaged status | Not for loan | Home library | Current Library | Shelving location | Date acquired | Total checkouts | Full call number | Barcode | Date last seen | Date last checked out | Copy number | Price effective from | Koha item type |
|---|---|---|---|---|---|---|---|---|---|---|---|---|---|---|---|---|
| Dewey Decimal Classification | GRACE BIBLE COLLEGE | GRACE BIBLE COLLEGE | Biblical Studies | 2018-05-10 | 1 | 226.2007 MAC | 003467 | 2025-05-01 | 2023-03-13 | c.1 | 2018-05-10 | Books |